000 00638nam a2200169 a 4500
001 000032657
005 20200930065747.0
008 110725s1928 dr 000 0 spa d
040 _aDO-SdBNP
_bspa
_cBNPHU
082 _axxxx
_bL215t
100 1 _aLamarche García Henríquez, Carlos M.
_958543
245 1 3 _aLa teoría de la causa /
_cCarlos M. Lamarche García Henríquez.
260 _aSanto Domingo :
_bImp. de J. R. Vda. Garcia, Sucesores,
_c1928.
300 _a49 p. ;
_c23 cm.
500 _aTesis para optar por el grado de doctorado en licenciado en derecho de la Universidad de Santo Domingo, Facultad de Derecho
049 _aBNPD
999 _c32148
_d32148